[Event "Europa ch Femenino 2013"]
[Site "Belgrado SER"]
[Date "2013.08.03"]
[Round "11.57"]
[White "Azimova, Karina"]
[Black "Kazimova, Narmin"]
[Result "1-0"]
[WhiteElo "2037"]
[BlackElo "2208"]
[PlyCount "81"]
[EventDate "2013.07.23"]
[EventType "swiss"]
[EventRounds "11"]
[EventCountry "SER"]
[Source "lmi"]
[SourceDate "2013.07.22"]

1. e4 c5 2. Ne2 e6 3. d4 cxd4 4. Nxd4 Nc6 5. Nb5 d6 6. c4 Nf6 7. N1c3 a6 8. Nd4
Be7 9. Be2 O-O 10. O-O Qc7 11. Be3 Ne5 12. Rc1 b6 13. f4 Ned7 14. Bf3 Bb7 15.
g4 Nc5 16. Qc2 Rac8 17. g5 Ne8 18. b4 Nd7 19. Qg2 Qb8 20. Bg4 Qa8 21. Nxe6 fxe6
22. Bxe6+ Kh8 23. Nd5 Bxd5 24. exd5 Rd8 25. Qh3 Qb7 26. Bf5 Rxf5 27. Qxf5 Nf8
28. Qe4 Ng6 29. Bd4 Qd7 30. f5 Ne5 31. h4 Rc8 32. c5 bxc5 33. bxc5 Qa4 34. Rce1
Qxa2 35. cxd6 Bxd6 36. Bxe5 Rc4 37. Qg2 Bc5+ 38. Bd4 Bxd4+ 39. Kh1 Qa4 40. Qa2
Qb5 41. Qxc4 1-0

[Event "Europa ch Femenino 2013"]
[Site "Belgrado SER"]
[Date "2013.08.03"]
[Round "11.58"]
[White "Petrukhina, Irina"]
[Black "Novkovic, Julia"]
[Result "1-0"]
[WhiteElo "2190"]
[BlackElo "2102"]
[PlyCount "85"]
[EventDate "2013.07.23"]
[EventType "swiss"]
[EventRounds "11"]
[EventCountry "SER"]
[Source "lmi"]
[SourceDate "2013.07.22"]

1. d4 g6 2. e4 Bg7 3. Nf3 d6 4. c3 Nf6 5. Bd3 O-O 6. h3 c5 7. O-O Nc6 8. Re1
cxd4 9. cxd4 e5 10. d5 Ne7 11. a4 Nh5 12. Nc3 Nf4 13. Bf1 h6 14. Kh2 g5 15. g3
Nfg6 16. Bg2 f5 17. exf5 Nxf5 18. Ne4 Nd4 19. Nxd4 exd4 20. b3 Bf5 21. Ra2 Rc8
22. Rd2 Rxc1 23. Qxc1 Be5 24. Qd1 Rf7 25. Qh5 Kg7 26. Kg1 Qb6 27. Qd1 Bd7 28.
Ra2 Qb4 29. Nd2 b5 30. axb5 Bxb5 31. Be4 Bd7 32. Rxa7 Qb6 33. Ra2 Bxh3 34. Nc4
Qc5 35. Bxg6 Kxg6 36. Rxe5 dxe5 37. Nxe5+ Kg7 38. Qh5 Rf6 39. Qxh3 h5 40. Qd7+
Kh6 41. Qe8 g4 42. Nd7 Qc1+ 43. Kg2 1-0

[Event "Europa ch Femenino 2013"]
[Site "Belgrado SER"]
[Date "2013.08.03"]
[Round "11.59"]
[White "Folkova, Martina"]
[Black "Imeeva, Aisa"]
[Result "1-0"]
[WhiteElo "2189"]
[BlackElo "2079"]
[PlyCount "141"]
[EventDate "2013.07.23"]
[EventType "swiss"]
[EventRounds "11"]
[EventCountry "SER"]
[Source "lmi"]
[SourceDate "2013.07.22"]

1. e4 e5 2. Nf3 Nc6 3. Bb5 a6 4. Ba4 Nf6 5. O-O Be7 6. Re1 b5 7. Bb3 d6 8. c3
O-O 9. h3 Na5 10. Bc2 c5 11. d4 Qc7 12. Nbd2 cxd4 13. cxd4 Nc6 14. Nb3 a5 15.
Be3 Nb4 16. Bb1 Bb7 17. a3 Na6 18. Nbd2 Rfc8 19. Bd3 b4 20. d5 Nc5 21. Rc1 Nfd7
22. Bb5 bxa3 23. bxa3 Qd8 24. Nc4 Nf6 25. Bxc5 Rxc5 26. Rb1 Ba6 27. Bxa6 Rxa6
28. Nfd2 Ra8 29. Qa4 Nd7 30. Nb3 Rcc8 31. Ncxa5 Nc5 32. Qb5 Rcb8 33. Qc4 Nxb3
34. Nc6 Na5 35. Rxb8 Qxb8 36. Qb4 Qc7 37. Rc1 Nb7 38. a4 Bg5 39. Rb1 Nd8 40.
Qb5 Bd2 41. Nxe5 g6 42. Qe8+ Kg7 43. Nd7 Kh6 44. Qf8+ Kg5 45. h4+ Kxh4 46. Qe7+
g5 47. Kh2 Ra7 48. Qf6 Bf4+ 49. g3+ Bxg3+ 50. fxg3+ Kh5 51. g4+ Kh4 52. Qh6+
Kxg4 53. Rg1+ Kf3 54. Qh3+ Kxe4 55. Nf6+ Ke5 56. Qf3 Qc2+ 57. Rg2 Qc1 58. Ng4+
Kd4 59. Qf2+ Kxd5 60. Qxa7 Qf4+ 61. Rg3 h5 62. Ne3+ Ke6 63. Kg2 g4 64. Qc7 Qe4+
65. Kh2 h4 66. Rxg4 Qxe3 67. Qxd8 Qe2+ 68. Kh3 Qf3+ 69. Kxh4 Qh1+ 70. Kg5 Qc1+
71. Kh5 1-0

[Event "Europa ch Femenino 2013"]
[Site "Belgrado SER"]
[Date "2013.08.03"]
[Round "11.60"]
[White "Drljevic, Ljilja"]
[Black "Gueci, Tea"]
[Result "1-0"]
[WhiteElo "2187"]
[BlackElo "2018"]
[PlyCount "131"]
[EventDate "2013.07.23"]
[EventType "swiss"]
[EventRounds "11"]
[EventCountry "SER"]
[Source "lmi"]
[SourceDate "2013.07.22"]

1. Nf3 Nf6 2. g3 g6 3. Bg2 Bg7 4. O-O O-O 5. d4 d6 6. c4 c5 7. d5 e6 8. Nc3
exd5 9. cxd5 a6 10. a4 Nbd7 11. Bf4 Qc7 12. h3 Rb8 13. e4 Nh5 14. Be3 b5 15.
axb5 axb5 16. Qe2 b4 17. Nb5 Qb6 18. Na7 Bb7 19. g4 Ra8 20. Nc6 Nhf6 21. Nd2
Bxc6 22. dxc6 Ne5 23. Nc4 Qxc6 24. f4 Rxa1 25. Rxa1 Nxc4 26. Qxc4 Ra8 27. Rd1
Qa6 28. Qxa6 Rxa6 29. e5 Ne8 30. exd6 Rxd6 31. Rxd6 Nxd6 32. Bxc5 Nb5 33. Bf1
Nc7 34. b3 Bc3 35. Bc4 Kg7 36. Kf2 h6 37. Ke3 Kf6 38. Bf8 Ne6 39. Bxe6 Kxe6 40.
Bxh6 Ke7 41. h4 Bb2 42. Kd2 Ke6 43. Bf8 Bc3+ 44. Ke2 f5 45. h5 Kf7 46. Bd6 gxh5
47. gxh5 Bf6 48. Bxb4 Kg7 49. Kd3 Kh6 50. Bd6 Kxh5 51. b4 Bd8 52. Kc4 Kg4 53.
Kc5 Kf3 54. b5 Bh4 55. b6 Bf2+ 56. Kc6 Bxb6 57. Kxb6 Kg4 58. Kc5 Kh5 59. Kd5
Kg6 60. Ke6 Kg7 61. Kxf5 Kf7 62. Be5 Ke7 63. Kg6 Ke8 64. f5 Kf8 65. f6 Kg8 66.
f7+ 1-0

[Event "Europa ch Femenino 2013"]
[Site "Belgrado SER"]
[Date "2013.08.03"]
[Round "11.61"]
[White "Djukic, Sandra"]
[Black "Velikic, Adela"]
[Result "1/2-1/2"]
[WhiteElo "2197"]
[BlackElo "1992"]
[PlyCount "84"]
[EventDate "2013.07.23"]
[EventType "swiss"]
[EventRounds "11"]
[EventCountry "SER"]
[Source "lmi"]
[SourceDate "2013.07.22"]

1. c4 Nf6 2. Nc3 g6 3. g3 Bg7 4. Bg2 O-O 5. d3 c6 6. e4 d6 7. Nge2 e5 8. O-O
Be6 9. h3 Qd7 10. Kh2 d5 11. exd5 cxd5 12. Qb3 e4 13. dxe4 dxc4 14. Qb5 Nc6 15.
Rd1 Qc8 16. Nd5 Bxd5 17. exd5 Ne5 18. Be3 a6 19. Qa5 Nd3 20. b3 Nd7 21. Rab1
Re8 22. Qd2 b5 23. bxc4 bxc4 24. Qc2 N7e5 25. Nd4 Rb8 26. Nc6 Nxc6 27. dxc6 Qe6
28. Rxb8 Rxb8 29. Rxd3 cxd3 30. Qxd3 Be5 31. Qxa6 Rb2 32. Qa8+ Kg7 33. c7 Rc2
34. Bd5 Qd7 35. Qa5 Qxc7 36. Qxc7 Bxc7 37. Kg2 Bd6 38. Kf3 Bc5 39. Bxc5 Rxc5
40. Bb3 Kf6 41. h4 Re5 42. Bc4 Rc5 1/2-1/2

[Event "Europa ch Femenino 2013"]
[Site "Belgrado SER"]
[Date "2013.08.03"]
[Round "11.62"]
[White "Kaplan, Ebru"]
[Black "Shulakova, Svetlana"]
[Result "0-1"]
[WhiteElo "1885"]
[BlackElo "2194"]
[PlyCount "114"]
[EventDate "2013.07.23"]
[EventType "swiss"]
[EventRounds "11"]
[EventCountry "SER"]
[Source "lmi"]
[SourceDate "2013.07.22"]

1. e4 c5 2. Nf3 e6 3. d4 cxd4 4. Nxd4 Nf6 5. Nc3 d6 6. Be3 Be7 7. f4 Nc6 8. Qf3
O-O 9. O-O-O Nxd4 10. Bxd4 e5 11. fxe5 dxe5 12. Bxe5 Qa5 13. Bxf6 Bxf6 14. Rd5
Qc7 15. Rh5 Bxc3 16. Qxc3 Qxc3 17. bxc3 Be6 18. Kb2 Rac8 19. Bb5 a6 20. Be2 Rc6
21. Rg5 Rfc8 22. Rg3 Rc5 23. Rd1 g6 24. Rd4 Kg7 25. h3 R8c7 26. Re3 Kf6 27. Rb4
h5 28. Rb6 Ke5 29. Rb4 Bc4 30. Bxc4 Rxc4 31. Kb3 b5 32. g3 f6 33. a4 Rxb4+ 34.
cxb4 Rc4 35. axb5 axb5 36. h4 g5 37. hxg5 fxg5 38. c3 Rxe4 39. Rf3 Ke6 40. Kc2
g4 41. Rf8 Re2+ 42. Kd3 Rg2 43. Re8+ Kd6 44. Rd8+ Ke6 45. Re8+ Kd5 46. Rd8+ Ke6
47. Re8+ Kd6 48. Rd8+ Ke7 49. Rd5 Rxg3+ 50. Kd4 h4 51. Rxb5 h3 52. Rh5 Rg2 53.
b5 h2 54. Ke5 g3 55. b6 Rb2 56. b7 Rxb7 57. Kf4 Rb1 0-1

[Event "Europa ch Femenino 2013"]
[Site "Belgrado SER"]
[Date "2013.08.03"]
[Round "11.63"]
[White "Belenkaya, Dina"]
[Black "Egorova, Ayyyna"]
[Result "1-0"]
[WhiteElo "2191"]
[BlackElo "1991"]
[PlyCount "79"]
[EventDate "2013.07.23"]
[EventType "swiss"]
[EventRounds "11"]
[EventCountry "SER"]
[Source "lmi"]
[SourceDate "2013.07.22"]

1. e4 c5 2. Nf3 Nc6 3. Bb5 e6 4. O-O Nge7 5. d4 cxd4 6. Nxd4 a6 7. Be2 Ng6 8.
Nxc6 dxc6 9. Qxd8+ Kxd8 10. a4 a5 11. Be3 Kc7 12. Nd2 b6 13. f4 Ba6 14. Bxa6
Rxa6 15. Nc4 Ne7 16. f5 exf5 17. Bf4+ Kb7 18. Nd6+ Ka8 19. Nxf7 Rg8 20. Rad1
Ra7 21. Rd8+ Kb7 22. Bd6 Ka6 23. Bxe7 Rxe7 24. Nd6 g6 25. exf5 Reg7 26. f6 Bxd6
27. Rxd6 Rc7 28. g4 g5 29. Re1 Rgc8 30. Ree6 Kb7 31. Kf2 b5 32. Ke3 bxa4 33.
Ke4 Rg8 34. Kf5 Rg6 35. Rd8 Rh6 36. Re7 Rxh2 37. Kxg5 Rf2 38. Rdd7 Rxd7 39.
Rxd7+ Kb6 40. Rd4 1-0

[Event "Europa ch Femenino 2013"]
[Site "Belgrado SER"]
[Date "2013.08.03"]
[Round "11.64"]
[White "Utiatskaja, Irina"]
[Black "Gavasheli, Ana"]
[Result "1/2-1/2"]
[WhiteElo "2047"]
[BlackElo "2170"]
[PlyCount "85"]
[EventDate "2013.07.23"]
[EventType "swiss"]
[EventRounds "11"]
[EventCountry "SER"]
[Source "lmi"]
[SourceDate "2013.07.22"]

1. e4 d6 2. d4 Nf6 3. Nc3 g6 4. Be3 Bg7 5. h3 c6 6. a4 Nbd7 7. Nf3 e5 8. dxe5
Nxe5 9. Nxe5 dxe5 10. Qxd8+ Kxd8 11. Bc4 Be6 12. Bxe6 fxe6 13. a5 Kc7 14. Ke2
b5 15. f3 Nd7 16. Rhd1 Rhf8 17. Na2 Rf7 18. Rac1 c5 19. b4 c4 20. Nc3 a6 21.
Ke1 Bf8 22. Rb1 Bd6 23. Ne2 Kc6 24. c3 Bc7 25. Ng3 h5 26. Bg5 Nf8 27. Rb2 Nd7
28. Rbd2 Raf8 29. Ne2 Re8 30. Ng1 Rh8 31. h4 Re8 32. Nh3 Rg7 33. Be3 Ree7 34.
Ng5 Re8 35. Ke2 Ree7 36. g3 Re8 37. Nh3 Rf7 38. Bh6 Rh8 39. Be3 Re8 40. Bg5
Ref8 41. Be3 Re8 42. Ng5 Rg7 43. Nh3 1/2-1/2

[Event "Europa ch Femenino 2013"]
[Site "Belgrado SER"]
[Date "2013.08.03"]
[Round "11.65"]
[White "Batyte, Daiva"]
[Black "Olea, Liliana"]
[Result "1-0"]
[WhiteElo "2161"]
[BlackElo "1905"]
[PlyCount "107"]
[EventDate "2013.07.23"]
[EventType "swiss"]
[EventRounds "11"]
[EventCountry "SER"]
[Source "lmi"]
[SourceDate "2013.07.22"]

1. c4 e6 2. Nf3 d5 3. d4 c6 4. b3 Nf6 5. e3 Nbd7 6. Bd3 Bd6 7. Bb2 O-O 8. Nbd2
Re8 9. Ne5 Nf8 10. O-O N6d7 11. f4 f6 12. Nxd7 Bxd7 13. e4 f5 14. e5 Be7 15. g4
Kh8 16. Kh1 Bc8 17. c5 b6 18. b4 a5 19. a3 Ba6 20. Bxa6 Rxa6 21. gxf5 exf5 22.
Qc2 g6 23. Bc3 Ne6 24. Qd3 Ra8 25. cxb6 axb4 26. axb4 Qxb6 27. Rab1 Reb8 28.
Rb3 Ra4 29. Rfb1 Nxf4 30. Qf1 Ne6 31. b5 Nxd4 32. Bxd4 Qxd4 33. bxc6 Rxb3 34.
Rxb3 Qxe5 35. Nf3 Qd6 36. Rb7 Bf6 37. c7 Ra8 38. Qb1 Rc8 39. Rb6 Qf4 40. Qd3
Kg7 41. Rxf6 Qe4 42. Qc3 d4 43. Qc6 d3 44. Re6 Qxc6 45. Rxc6 Kf8 46. Kg2 Ke7
47. Kf2 Kd7 48. Ne5+ Ke7 49. Ke3 g5 50. Kxd3 h5 51. Kd4 h4 52. Kd5 g4 53. Re6+
Kf8 54. Kd6 1-0

[Event "Europa ch Femenino 2013"]
[Site "Belgrado SER"]
[Date "2013.08.03"]
[Round "11.66"]
[White "Gurcan, Aytolun"]
[Black "Petrovic, Marija"]
[Result "0-1"]
[WhiteElo "1705"]
[BlackElo "2104"]
[PlyCount "138"]
[EventDate "2013.07.23"]
[EventType "swiss"]
[EventRounds "11"]
[EventCountry "SER"]
[Source "lmi"]
[SourceDate "2013.07.22"]

1. e4 d5 2. exd5 Qxd5 3. Nc3 Qd6 4. d4 Nf6 5. Nf3 g6 6. Nb5 Qb6 7. c4 c6 8. Nc3
Bg7 9. h3 O-O 10. Bd3 Qc7 11. O-O a6 12. Be3 Nbd7 13. Rc1 Re8 14. Qd2 Qa5 15.
a3 Nf8 16. b4 Qd8 17. Ne5 Ne6 18. Bb1 Nh5 19. Rfd1 a5 20. Ne2 axb4 21. Qxb4 Qa5
22. Nd3 Qxa3 23. Qxa3 Rxa3 24. d5 Nd8 25. Bc5 Ra8 26. Nb4 Nf6 27. Nc3 Nd7 28.
Be3 Ne5 29. Be4 Nxc4 30. dxc6 Nxe3 31. fxe3 bxc6 32. Nxc6 Bb7 33. Nb5 Bxc6 34.
Bxc6 Nxc6 35. Nc7 Ne5 36. Nxe8 Rxe8 37. Rc7 Bh6 38. Kf2 f5 39. Rd5 Bg7 40. Rcc5
Nf7 41. Rd7 Bf6 42. Rb5 Ra8 43. g4 Ra2+ 44. Kg1 fxg4 45. hxg4 Ng5 46. Rb4 Kf7
47. Kf1 Nf3 48. Rf4 Ne5 49. Rb7 g5 50. Rfb4 Rh2 51. Ra4 Rc2 52. Rbb4 Kg6 53.
Re4 Nf3 54. Reb4 h5 55. gxh5+ Kxh5 56. e4 Ne5 57. Rb3 Kg4 58. Ke1 Kf4 59. Kd1
Rh2 60. Ra8 g4 61. Rg8 Nf3 62. Rb4 Be5 63. Rf8+ Ke3 64. Rb3+ Kxe4 65. Rb4+ Nd4
66. Rg8 g3 67. Rg4+ Kf3 68. Rbxd4 Bxd4 69. Rxd4 Rh1+ 0-1

[Event "Europa ch Femenino 2013"]
[Site "Belgrado SER"]
[Date "2013.08.03"]
[Round "11.67"]
[White "Serefidou, Despina"]
[Black "Kruljac, Petra"]
[Result "0-1"]
[WhiteElo "1971"]
[BlackElo "2092"]
[PlyCount "100"]
[EventDate "2013.07.23"]
[EventType "swiss"]
[EventRounds "11"]
[EventCountry "SER"]
[Source "lmi"]
[SourceDate "2013.07.22"]

1. e4 e6 2. d4 d5 3. Nc3 Bb4 4. e5 c5 5. a3 Bxc3+ 6. bxc3 Ne7 7. Qg4 Kf8 8. h4
Qa5 9. Bd2 Qa4 10. Ra2 Nbc6 11. Nf3 b6 12. Qf4 Ba6 13. Ng5 Nd8 14. Bxa6 Qxa6
15. Rh3 Qb5 16. Bc1 h6 17. Rb2 Qa4 18. Nf3 Qxa3 19. Rb3 Qa4 20. h5 Rc8 21. Nh4
Qd7 22. Rg3 cxd4 23. Ba3 Kg8 24. cxd4 Nf5 25. Nxf5 exf5 26. Kd2 Rc4 27. Rb4
Rxb4 28. Bxb4 Nc6 29. Bd6 Kh7 30. Rf3 Rc8 31. c3 Na5 32. Qxf5+ Qxf5 33. Rxf5
Kg8 34. g4 Nc4+ 35. Kc2 a5 36. Kb3 b5 37. g5 hxg5 38. Rxg5 Nd2+ 39. Kb2 Ne4 40.
Rf5 Nxc3 41. Rf3 Na4+ 42. Kb1 Rc4 43. Rd3 b4 44. f3 Nc3+ 45. Kb2 Ne2 46. Bc5
Nf4 47. Rd1 a4 48. h6 gxh6 49. Rg1+ Kh7 50. Bf8 Ne6 0-1

[Event "Europa ch Femenino 2013"]
[Site "Belgrado SER"]
[Date "2013.08.03"]
[Round "11.68"]
[White "Nonkovic, Bogdana"]
[Black "Injac, Teodora"]
[Result "1-0"]
[WhiteElo "2081"]
[BlackElo "1713"]
[PlyCount "119"]
[EventDate "2013.07.23"]
[EventType "swiss"]
[EventRounds "11"]
[EventCountry "SER"]
[Source "lmi"]
[SourceDate "2013.07.22"]

1. Nf3 Nf6 2. d4 g6 3. g3 Bg7 4. Bg2 O-O 5. O-O d6 6. b3 Nbd7 7. Bb2 Re8 8. c4
c6 9. Qc2 e5 10. e4 exd4 11. Nxd4 Nc5 12. Nd2 a5 13. Rfe1 Qb6 14. Bc3 Nfd7 15.
N2f3 Ne5 16. Nxe5 dxe5 17. Nf3 Bg4 18. h3 Bxf3 19. Bxf3 Rad8 20. Rad1 Bf6 21.
Re2 Bg7 22. Red2 Bf6 23. Qb2 Rxd2 24. Qxd2 Rd8 25. Qe1 Rxd1 26. Bxd1 Bd8 27.
Qe3 Nd7 28. Qd2 Nf6 29. Bf3 Qc7 30. Bxe5 Qxe5 31. Qxd8+ Kg7 32. Qd2 Kg8 33. Qc2
Qa1+ 34. Kg2 Qe5 35. Kh2 h5 36. Kg2 Kg7 37. Qe2 Kg8 38. Qd3 Kg7 39. Qc2 Kg8 40.
Qd2 Kg7 41. Qc2 Kg8 42. Qb1 Kg7 43. Qe1 g5 44. Qe2 Kg6 45. Kh2 Kh6 46. Bg2 Kg6
47. Qd3 Kg7 48. Qe3 g4 49. h4 Kg6 50. Qb6 Nxe4 51. Qxb7 Nxf2 52. Qxc6+ Kg7 53.
Qd5 Qe2 54. c5 Nh3 55. Qd4+ Kg8 56. c6 Qc2 57. Qc4 Qf2 58. Qc1 Qf5 59. c7 Qc8
60. Bb7 1-0

[Event "Europa ch Femenino 2013"]
[Site "Belgrado SER"]
[Date "2013.08.03"]
[Round "11.69"]
[White "Visanescu, Daria-Ioana"]
[Black "Zivic, Radmila"]
[Result "1-0"]
[WhiteElo "2061"]
[BlackElo "2029"]
[PlyCount "73"]
[EventDate "2013.07.23"]
[EventType "swiss"]
[EventRounds "11"]
[EventCountry "SER"]
[Source "lmi"]
[SourceDate "2013.07.22"]

1. e4 e5 2. Bc4 Nf6 3. d3 c6 4. Nf3 d5 5. exd5 cxd5 6. Bb5+ Bd7 7. Bxd7+ Nbxd7
8. O-O Bd6 9. Bg5 Qb6 10. Nbd2 Qxb2 11. c4 O-O 12. Bxf6 Nxf6 13. cxd5 Qb5 14.
Ne4 Ne8 15. Qb3 Qd7 16. Rab1 b6 17. Rfc1 Bb8 18. Qc4 h6 19. Qc6 Qxc6 20. dxc6
f5 21. Nc3 e4 22. dxe4 Bf4 23. Rc2 Rc8 24. Nd5 Rf7 25. e5 g5 26. g3 g4 27. e6
Rg7 28. Nh4 Bg5 29. Nxf5 Rh7 30. Rd1 Nc7 31. h4 Nxd5 32. Rxd5 Be7 33. Rd7 Kf8
34. Nd6 Bxd6 35. Rxh7 Rc7 36. Rxc7 Bxc7 37. Rd2 1-0

[Event "Europa ch Femenino 2013"]
[Site "Belgrado SER"]
[Date "2013.08.03"]
[Round "11.70"]
[White "Dizdarevic, Barbara"]
[Black "Coimbra, Margarida"]
[Result "1/2-1/2"]
[WhiteElo "1981"]
[BlackElo "2093"]
[PlyCount "84"]
[EventDate "2013.07.23"]
[EventType "swiss"]
[EventRounds "11"]
[EventCountry "SER"]
[Source "lmi"]
[SourceDate "2013.07.22"]

1. e4 e5 2. Nf3 Nc6 3. Bc4 Bc5 4. c3 Nf6 5. d3 d6 6. O-O Bb6 7. Bb3 Ne7 8. Nbd2
c6 9. Nc4 Bc7 10. Re1 Ng6 11. d4 O-O 12. dxe5 dxe5 13. Bg5 h6 14. Qxd8 Rxd8 15.
Bxf6 gxf6 16. Ne3 Be6 17. Nf5 Bxf5 18. exf5 Nf4 19. g3 Nd3 20. Re2 Bb6 21. Kg2
Rd7 22. Bc4 Rad8 23. b4 a5 24. a3 Bc7 25. Nh4 b5 26. Ba2 axb4 27. axb4 Bb6 28.
Bb3 Ra7 29. Rxa7 Bxa7 30. Ra2 Bxf2 31. Ra6 Rd6 32. Ng6 Kg7 33. Ne7 Rd7 34. Nxc6
Be1 35. c4 bxc4 36. Bxc4 Nxb4 37. Nxb4 Bxb4 38. Kf3 Rc7 39. Bd5 Bc3 40. Ra3 Bd4
41. h3 Rd7 42. Ke4 Rc7 1/2-1/2

[Event "Europa ch Femenino 2013"]
[Site "Belgrado SER"]
[Date "2013.08.03"]
[Round "11.71"]
[White "Oliveira, Maria Ines"]
[Black "Bogumil, Tatiana"]
[Result "1/2-1/2"]
[WhiteElo "1978"]
[BlackElo "2084"]
[PlyCount "65"]
[EventDate "2013.07.23"]
[EventType "swiss"]
[EventRounds "11"]
[EventCountry "SER"]
[Source "lmi"]
[SourceDate "2013.07.22"]

1. e4 g6 2. d4 d6 3. Nc3 Bg7 4. f4 c6 5. Nf3 Nf6 6. Bd3 O-O 7. O-O b5 8. e5
dxe5 9. fxe5 Nd5 10. Nxd5 Qxd5 11. Qe1 Bg4 12. c3 Qd7 13. Qh4 f6 14. Bh6 Na6
15. Rae1 Nc7 16. Bxg7 Kxg7 17. exf6+ exf6 18. Nd2 Nd5 19. Ne4 Rae8 20. b3 f5
21. Nc5 Qd6 22. Nb7 Qf6 23. Qxf6+ Nxf6 24. Nd6 Rd8 25. Re7+ Kg8 26. Nb7 Rde8
27. Rfe1 Rxe7 28. Rxe7 Nd5 29. Re6 Nf4 30. Re3 Nd5 31. Re6 Nf4 32. Re3 Nd5 33.
Re6 1/2-1/2

[Event "Europa ch Femenino 2013"]
[Site "Belgrado SER"]
[Date "2013.08.03"]
[Round "11.72"]
[White "Pihajlic, Amalija"]
[Black "Miladinovic, Lena"]
[Result "0-1"]
[WhiteElo "1882"]
[BlackElo "2083"]
[PlyCount "78"]
[EventDate "2013.07.23"]
[EventType "swiss"]
[EventRounds "11"]
[EventCountry "SER"]
[Source "lmi"]
[SourceDate "2013.07.22"]

1. e4 c5 2. Nf3 e6 3. d4 cxd4 4. Nxd4 Nc6 5. Nc3 Qc7 6. Be2 Nf6 7. O-O Be7 8.
Kh1 O-O 9. f4 d6 10. Nf3 a6 11. Be3 b5 12. a3 Bb7 13. Qe1 Rfd8 14. Bg1 d5 15.
e5 Ne4 16. Bd3 Nxc3 17. Qxc3 b4 18. Qe1 g6 19. h4 bxa3 20. bxa3 a5 21. h5 Ba6
22. hxg6 hxg6 23. g4 a4 24. f5 Bxd3 25. cxd3 gxf5 26. gxf5 exf5 27. Ra2 Kf8 28.
e6 Qd6 29. exf7 Kxf7 30. Bh2 Rh8 31. d4 Rh5 32. Rff2 Rah8 33. Kg1 Qf6 34. Ne5+
Nxe5 35. Qxe5 Qxe5 36. Bxe5 Rg8+ 37. Kf1 Rc8 38. Rf3 Rc6 39. Raf2 Ke6 0-1

[Event "Europa ch Femenino 2013"]
[Site "Belgrado SER"]
[Date "2013.08.03"]
[Round "11.73"]
[White "Jacimovic, Sara"]
[Black "Blagojevic, Tijana"]
[Result "1-0"]
[WhiteElo "1971"]
[BlackElo "2058"]
[PlyCount "63"]
[EventDate "2013.07.23"]
[EventType "swiss"]
[EventRounds "11"]
[EventCountry "SER"]
[Source "lmi"]
[SourceDate "2013.07.22"]

1. d4 d5 2. e3 g6 3. Bd3 Bg7 4. f4 Nf6 5. Nf3 O-O 6. Nbd2 b6 7. O-O Bb7 8. Ne5
Nbd7 9. Qf3 e6 10. c3 Qe7 11. g4 c5 12. Qg2 Rac8 13. h4 Nxe5 14. fxe5 Nd7 15.
g5 c4 16. Bc2 b5 17. Nf3 Rfd8 18. Bd2 a5 19. Rf2 Nf8 20. Raf1 Bc6 21. Nh2 b4
22. cxb4 axb4 23. Rxf7 Qxf7 24. Rxf7 Kxf7 25. Bxb4 Rb8 26. a3 Nd7 27. h5 Bf8
28. Qf3+ Kg7 29. Qh3 Bxb4 30. hxg6 hxg6 31. Qh6+ Kf7 32. Bxg6+ 1-0

[Event "Europa ch Femenino 2013"]
[Site "Belgrado SER"]
[Date "2013.08.03"]
[Round "11.74"]
[White "Cemhan, Kardelen"]
[Black "Panic, Anastasija"]
[Result "0-1"]
[WhiteElo "2052"]
[BlackElo "1948"]
[PlyCount "78"]
[EventDate "2013.07.23"]
[EventType "swiss"]
[EventRounds "11"]
[EventCountry "SER"]
[Source "lmi"]
[SourceDate "2013.07.22"]

1. e4 c5 2. Nf3 e6 3. d4 cxd4 4. Nxd4 a6 5. Bd3 g6 6. c4 Bg7 7. Be3 Ne7 8. Nc3
O-O 9. O-O d6 10. Qe2 Nd7 11. Rfd1 Qc7 12. Rac1 b6 13. f3 Bb7 14. Qf2 Nc5 15.
Bf1 Rab8 16. b4 Nd7 17. Nb3 f5 18. Qd2 Nc8 19. exf5 gxf5 20. c5 bxc5 21. bxc5
Nxc5 22. Nxc5 dxc5 23. Na4 Bd5 24. Bxc5 Rf7 25. Be3 Qe7 26. Bxa6 Nd6 27. Nc3
Bxc3 28. Rxc3 Ra8 29. Qe2 f4 30. Bf2 Qg5 31. Rdc1 Rg7 32. g3 fxg3 33. Bxg3 Rga7
34. Bd3 Rxa2 35. R1c2 Ra1+ 36. Kf2 Rf8 37. h4 Qg4 38. Bxh7+ Kxh7 39. Rc7+ Kg8
0-1

[Event "Europa ch Femenino 2013"]
[Site "Belgrado SER"]
[Date "2013.08.03"]
[Round "11.75"]
[White "Bejatovic, Bojana"]
[Black "Gjergji, Rozana"]
[Result "0-1"]
[WhiteElo "2002"]
[BlackElo "1917"]
[PlyCount "56"]
[EventDate "2013.07.23"]
[EventType "swiss"]
[EventRounds "11"]
[EventCountry "SER"]
[Source "lmi"]
[SourceDate "2013.07.22"]

1. d4 d5 2. Nf3 Nf6 3. Bg5 e6 4. Nbd2 Be7 5. Bxf6 Bxf6 6. e4 dxe4 7. Nxe4 Be7
8. Bd3 Nd7 9. c3 b6 10. Qe2 Bb7 11. h4 Nf6 12. Neg5 h6 13. Ne4 Nd5 14. g3 Nf6
15. O-O-O Qd5 16. c4 Qa5 17. d5 O-O-O 18. Ne5 exd5 19. Nxf6 Bxf6 20. cxd5 Bxd5
21. Rhe1 Qxa2 22. Bb1 Qa4 23. Bf5+ Kb8 24. Bc2 Qa1+ 25. Bb1 Rhe8 26. Rxd5 Rxd5
27. Nd7+ Kb7 28. Qxe8 Qxb2# 0-1

[Event "Europa ch Femenino 2013"]
[Site "Belgrado SER"]
[Date "2013.08.03"]
[Round "11.76"]
[White "Rakic, Teodora"]
[Black "Kezele, Tamara"]
[Result "0-1"]
[WhiteElo "1862"]
[BlackElo "1994"]
[PlyCount "84"]
[EventDate "2013.07.23"]
[EventType "swiss"]
[EventRounds "11"]
[EventCountry "SER"]
[Source "lmi"]
[SourceDate "2013.07.22"]

1. d4 d5 2. c4 e6 3. Nf3 Nf6 4. g3 c6 5. Bg2 Nbd7 6. O-O dxc4 7. a4 Be7 8. Qc2
O-O 9. Qxc4 Nb6 10. Qc2 a5 11. e4 Bd7 12. h3 Rc8 13. Be3 Bb4 14. Ne5 Bd6 15.
Bg5 Be7 16. Nd3 h6 17. Be3 Na8 18. Qd2 b6 19. Bxh6 gxh6 20. Qxh6 Nh7 21. e5 Bg5
22. Qh5 f5 23. exf6 Qxf6 24. Be4 Qh6 25. Qxh6 Bxh6 26. Ne5 Nf6 27. Nxd7 Nxd7
28. g4 c5 29. d5 Nf6 30. Nc3 Nxe4 31. Nxe4 exd5 32. Nd6 Rcd8 33. Nf5 Bg7 34.
Rae1 Rfe8 35. h4 Bxb2 36. h5 c4 37. g5 c3 38. g6 c2 39. h6 Rxe1 40. Rxe1 c1=Q
41. Rxc1 Bxc1 42. Ne7+ Kh8 0-1

[Event "Europa ch Femenino 2013"]
[Site "Belgrado SER"]
[Date "2013.08.03"]
[Round "11.78"]
[White "Vrabic, Anita"]
[Black "Brankov, Kristina"]
[Result "1/2-1/2"]
[WhiteElo "2112"]
[BlackElo "1903"]
[PlyCount "43"]
[EventDate "2013.07.23"]
[EventType "swiss"]
[EventRounds "11"]
[EventCountry "SER"]
[Source "lmi"]
[SourceDate "2013.07.22"]

1. e4 c5 2. Nf3 d6 3. d4 cxd4 4. Nxd4 Nf6 5. Nc3 Bd7 6. Bg5 e6 7. Qd2 a6 8. f3
Nc6 9. O-O-O h6 10. Be3 b5 11. Nxc6 Bxc6 12. Bf4 d5 13. Qe1 Bb4 14. a3 Ba5 15.
b4 Bb6 16. h4 Qe7 17. Be5 Bb7 18. Bd3 Bc6 19. Bf1 Bb7 20. Bd3 Bc6 21. Bf1 Bb7
22. Bd3 1/2-1/2

[Event "Europa ch Femenino 2013"]
[Site "Belgrado SER"]
[Date "2013.08.03"]
[Round "11.79"]
[White "Korbovljanovic, Natasa"]
[Black "Milutinovic, Stefana"]
[Result "1/2-1/2"]
[WhiteElo "1877"]
[BlackElo "2035"]
[PlyCount "96"]
[EventDate "2013.07.23"]
[EventType "swiss"]
[EventRounds "11"]
[EventCountry "SER"]
[Source "lmi"]
[SourceDate "2013.07.22"]

1. e4 c5 2. d4 cxd4 3. Nf3 d6 4. c3 Nf6 5. Bb5+ Bd7 6. Bxd7+ Qxd7 7. Qxd4 Qg4
8. O-O Qxe4 9. Re1 Qxd4 10. Nxd4 Nc6 11. Nf5 O-O-O 12. Bg5 e6 13. Ng3 Be7 14.
Nd2 Rhg8 15. Rad1 h6 16. Bf4 Nd5 17. Be3 Nxe3 18. Rxe3 d5 19. Nf3 g6 20. Ne2
Bf6 21. Ned4 Nxd4 22. Nxd4 Rd7 23. Nf3 Rc7 24. Nd4 a6 25. f4 Rc4 26. g3 Kb8 27.
Kf2 Bd8 28. Red3 Bb6 29. Ke2 Re8 30. Nf3 f6 31. h4 Bc7 32. Kf2 Bb6+ 33. Ke2
Re4+ 34. Kf1 Re3 35. Rxe3 Bxe3 36. Ke2 Bb6 37. Rd2 Kc7 38. Kd3 Kd6 39. c4 e5
40. Kc2 d4 41. b4 Bc7 42. Re2 Kd7 43. fxe5 fxe5 44. Kd3 Re6 45. Ke4 Kc6 46. Kd3
Kd7 47. Ke4 Rc6 48. Kd3 Re6 1/2-1/2